Survivor Nicaragua - Picture Click Quiz Stats

 Plays Quiz not verified by Sporcle

Challenge
Share
Tweet
Score 0/20 Timer 02:00
0 Plays Today
% Correct
Tyrone Davis
95.5%
NaOnka Mixon
92%
Fabio Birza
91.1%
Jimmy Johnson
90.7%
Jane Bright
90.4%
Marty Piombo
89.8%
Brenda Lowe
89.8%
Holly Hoffman
88.8%
Shannon Elkins
85.9%
Yve Rojas
85.6%
% Correct
Kelly Bruno
85.3%
Benry Henry
84.3%
Chase Rice
84.3%
Sash Lenahan
84.3%
Dan Lembo
84%
Purple Kelly
79.6%
Alina Wilson
78.6%
Jill Behm
77.3%
Wendy
73.5%
Jimmy Tarantino
71.6%

You're not logged in!

Compare scores with friends on all Sporcle quizzes.
Join for Free
OR
Log In

You Might Also Like...

Show Comments

Extras

Top Quizzes Today


Score Distribution

Your Account Isn't Verified!

In order to create a playlist on Sporcle, you need to verify the email address you used during registration. Go to your Sporcle Settings to finish the process.

Report this User

Report this user for behavior that violates our Community Guidelines.

Details: